[Event "Unterfranken-ch HB 62th"]
[Site "Gerolzhofen"]
[Date "2011.04.26"]
[Round "2"]
[White "Klundt, Maximilian"]
[Black "Heinrich, Michael"]
[Result "0-1"]
[WhiteElo "1801"]
[BlackElo "1625"]
[PlyCount "94"]
[EventDate "2011.04.25"]
[EventType "swiss"]
[EventRounds "9"]
[EventCountry "GER"]
[SourceTitle "EXT 2015"]
[Source "ChessBase"]
[SourceDate "2014.11.20"]
[SourceVersion "1"]
[SourceVersionDate "2014.11.20"]
[SourceQuality "1"]

1. d4 d5 2. Nf3 Nf6 3. e3 Bg4 4. Bd3 e6 5. Nbd2 Bd6 6. c4 c6 7. 0-0 0-0 8. Qc2 Nbd7 9. b3 e5 10. dxe5 Nxe5 11. Nxe5 Bxe5 12. Rb1 h6 13. Ba3 Re8 14. h3 Be6 15. Rfd1 Qa5 16. Bb2 Bxb2 17. Qxb2 Rad8 18. b4 Qc7 19. c5 Qc8 20. Kh2 Bf5 21. Qc2 Bxd3 22. Qxd3 Ne4 23. Nxe4 dxe4 24. Qc4 Qf5 25. Kg1 Qe5 26. Rd4 Rxd4 27. Qxd4 Qxd4 28. exd4 Rd8 29. Rd1 f5 30. Kf1 Kf7 31. f3 exf3 32. gxf3 g5 33. Ke2 Kf6 34. Kd3 Re8 35. a4 f4 36. Kc4 Re3 37. Rd3 Rxd3 38. Kxd3 Ke6 39. Kc4 h5 40. b5 a6 41. d5+ cxd5+ 42. Kd4 a5 43. b6 Kd7 44. Ke5 Kc6 45. Kd4 h4 46. Ke5 Kxc5 47. Kf5 d4 0-1

[Event "Schweinfurt op"]
[Site "Schweinfurt"]
[Date "2007.05.20"]
[Round "7"]
[White "Engelbrecht, Klaus"]
[Black "Klundt, Maximilian"]
[Result "0-1"]
[WhiteElo "1324"]
[BlackElo "1386"]
[PlyCount "102"]
[EventDate "2007.05.17"]
[EventType "swiss"]
[EventRounds "7"]
[EventCountry "GER"]
[SourceTitle "CBM 118 Extra"]
[Source "ChessBase"]
[SourceDate "2007.07.04"]
[SourceVersion "1"]
[SourceVersionDate "2007.07.04"]
[SourceQuality "1"]

1. e4 e6 2. d4 d5 3. c4 dxe4 4. Nc3 Nf6 5. Bg5 Be7 6. c5 0-0 7. h3 Nc6 8. Bb5 Nxd4 9. Nge2 Nxe2 10. Qxe2 c6 11. Rd1 Qa5 12. Ba4 Qxc5 13. 0-0 Qxg5 14. f4 exf3 15. Rxf3 e5 16. Bc2 g6 17. Qf2 e4 18. h4 Qh5 19. Rxf6 Bxf6 20. Qxf6 Qf5 21. Qe7 Qe6 22. Qg5 e3 23. Ne4 f6 24. Qxe3 Kg7 25. Bb3 Qg4 26. Rd4 Qf5 27. Nd6 Qe5 28. Ne4 Bf5 29. Bc2 Rad8 30. Rb4 b6 31. Ra4 Rd7 32. Qa3 Bxe4 33. Rxe4 Qc5+ 34. Qxc5 bxc5 35. Ba4 Rd2 36. Re7+ Rf7 37. Re6 Rc7 38. Re3 Rxb2 39. Bb3 Rd2 40. Rc3 Rd6 41. Kh2 Rb7 42. Rxc5 Rb5 43. Rc4 c5 44. Ra4 Rb7 45. Kh1 Rd4 46. Ra3 Rxh4+ 47. Kg1 Rf4 48. Ra5 Rc7 49. g3 Rb4 50. Kf2 c4 51. a3 Rxb3 0-1

[Event "Schweinfurt op"]
[Site "Schweinfurt"]
[Date "2007.05.19"]
[Round "4"]
[White "Klundt, Maximilian"]
[Black "Helgert, Johannes"]
[Result "0-1"]
[WhiteElo "1386"]
[BlackElo "1558"]
[PlyCount "104"]
[EventDate "2007.05.17"]
[EventType "swiss"]
[EventRounds "7"]
[EventCountry "GER"]
[SourceTitle "CBM 118 Extra"]
[Source "ChessBase"]
[SourceDate "2007.07.04"]
[SourceVersion "1"]
[SourceVersionDate "2007.07.04"]
[SourceQuality "1"]

1. e4 e6 2. d4 d5 3. Nc3 Bb4 4. e5 c5 5. a3 Bxc3+ 6. bxc3 Qc7 7. Qg4 f6 8. exf6 Nxf6 9. Qg3 Qxg3 10. hxg3 Nc6 11. Nf3 c4 12. Bd2 Bd7 13. Be2 Ke7 14. Bg5 h6 15. Bxf6+ gxf6 16. 0-0-0 Rag8 17. Rh2 Rg7 18. Rdh1 Rgh7 19. g4 Be8 20. g5 Nd8 21. gxf6+ Kxf6 22. Ne5 Nf7 23. Nxf7 Bxf7 24. Bh5 Rg8 25. Bxf7 Kxf7 26. Rxh6 Rxh6 27. Rxh6 Rxg2 28. Rh7+ Rg7 29. Rxg7+ Kxg7 30. Kd2 Kf6 31. Ke3 Kg5 32. Kf3 Kf5 33. Kg3 b5 34. Kf3 a5 35. Kg3 e5 36. dxe5 Kxe5 37. Kg4 d4 38. cxd4+ Kxd4 39. f4 b4 40. axb4 axb4 41. f5 Ke5 42. Kg5 b3 43. cxb3 c3 44. Kg6 c2 45. f6 c1Q 46. f7 Qg1+ 47. Kh7 Qh2+ 48. Kg7 Qg3+ 49. Kh7 Qh4+ 50. Kg8 Qg5+ 51. Kh7 Qf6 52. Kg8 Qg6+ 0-1

[Event "Schweinfurt op"]
[Site "Schweinfurt"]
[Date "2007.05.18"]
[Round "3"]
[White "Braszus, Benedikt"]
[Black "Klundt, Maximilian"]
[Result "0-1"]
[WhiteElo "1072"]
[BlackElo "1386"]
[PlyCount "54"]
[EventDate "2007.05.17"]
[EventType "swiss"]
[EventRounds "7"]
[EventCountry "GER"]
[SourceTitle "CBM 118 Extra"]
[Source "ChessBase"]
[SourceDate "2007.07.04"]
[SourceVersion "1"]
[SourceVersionDate "2007.07.04"]
[SourceQuality "1"]

1. d4 Nf6 2. Nc3 g6 3. Bg5 Bg7 4. Bxf6 exf6 5. e3 0-0 6. Bd3 d6 7. f4 Re8 8. Qf3 f5 9. 0-0-0 c6 10. Nh3 Be6 11. Nf2 Qc7 12. h3 Nd7 13. g4 fxg4 14. hxg4 b5 15. f5 Bc4 16. Bxc4 bxc4 17. Qh3 h6 18. Rdf1 d5 19. e4 Rab8 20. e5 Qb6 21. Ncd1 Qxd4 22. e6 fxe6 23. fxe6 Rxe6 24. g5 Re2 25. Qxd7 Qd2+ 26. Kb1 Qxc2+ 27. Ka1 Qc1# 0-1

[Event "Schweinfurt op"]
[Site "Schweinfurt"]
[Date "2007.05.17"]
[Round "1"]
[White "Hock, Gerold"]
[Black "Klundt, Maximilian"]
[Result "1-0"]
[WhiteElo "2068"]
[BlackElo "1386"]
[PlyCount "49"]
[EventDate "2007.05.17"]
[EventType "swiss"]
[EventRounds "7"]
[EventCountry "GER"]
[SourceTitle "CBM 118 Extra"]
[Source "ChessBase"]
[SourceDate "2007.07.04"]
[SourceVersion "1"]
[SourceVersionDate "2007.07.04"]
[SourceQuality "1"]

1. d4 Nf6 2. Nf3 c5 3. e3 cxd4 4. exd4 d5 5. Bd3 Bg4 6. 0-0 e6 7. c3 Bd6 8. Qa4+ Nbd7 9. Ne5 0-0 10. Nxg4 Nxg4 11. h3 Nb6 12. Qc2 Qh4 13. Bxh7+ Kh8 14. Bd3 g5 15. Nd2 Nh2 16. Re1 Kg7 17. Be2 g4 18. Qd3 Rh8 19. Nf1 gxh3 20. g3 Ng4 21. gxh4 Rh5 22. Bxg4 Rxh4 23. Ng3 Rah8 24. Qf3 h2+ 25. Kh1 1-0

[Event "Unterfranken-ch HB 58th"]
[Site "Wuerzburg"]
[Date "2007.04.10"]
[Round "3"]
[White "Klundt, Maximilian"]
[Black "Liebler, Juergen"]
[Result "1-0"]
[WhiteElo "1544"]
[BlackElo "1658"]
[PlyCount "165"]
[EventDate "2007.04.09"]
[EventType "swiss"]
[EventRounds "9"]
[EventCountry "GER"]
[SourceTitle "EXT 2015"]
[Source "ChessBase"]
[SourceDate "2014.11.20"]
[SourceVersion "1"]
[SourceVersionDate "2014.11.20"]
[SourceQuality "1"]

1. e4 e5 2. Nf3 Nc6 3. c3 d5 4. Bb5 f6 5. Qa4 Nge7 6. 0-0 a6 7. exd5 Qxd5 8. Bc4 Qd6 9. Qb3 Nd8 10. d4 exd4 11. Nxd4 c5 12. Nf3 b5 13. Be2 g6 14. c4 Be6 15. Be3 Nf5 16. Qc3 b4 17. Qc1 Be7 18. Bf4 Qc6 19. Bd3 Nd6 20. Re1 Kf7 21. Nbd2 Rc8 22. Be4 Nxe4 23. Nxe4 Bf5 24. Neg5+ Kf8 25. Qe3 Qb7 26. Ne4 Bxe4 27. Qxe4 Qxe4 28. Rxe4 f5 29. Bh6+ Kf7 30. Re2 Nc6 31. Rae1 Bf6 32. Ng5+ Bxg5 33. Bxg5 h6 34. Bf4 Rcd8 35. Bc7 Rde8 36. Rxe8 Rxe8 37. Rxe8 Kxe8 38. Bd6 Na5 39. Bxc5 Nxc4 40. b3 Ne5 41. Bxb4 Kd7 42. Kf1 Kc6 43. Ke2 Kd5 44. f3 h5 45. Bc3 Nd7 46. Ke3 Nc5 47. Kd2 Ne6 48. h4 Nf4 49. g3 Ne6 50. Kc2 Nc5 51. b4 Nd7 52. Kb3 Nb6 53. a3 Nc4 54. Ka4 Kc6 55. Kb3 Kd5 56. a4 Nd6 57. Bb2 Kc6 58. Be5 Nc8 59. Bd4 Nd6 60. Bc5 Nf7 61. f4 Nd8 62. Kc4 Nb7 63. b5+ axb5+ 64. axb5+ Kd7 65. Kd5 Kc7 66. Bd4 Kd7 67. b6 Nd6 68. Be3 Ne4 69. Ke5 Nxg3 70. Kf6 Ne2 71. Kxg6 Ng3 72. Bf2 Ne4 73. Be1 Kc6 74. Kxf5 Nd6+ 75. Kg6 Kxb6 76. Kxh5 Kc6 77. Kg6 Kd7 78. h5 Ke8 79. h6 Nf7 80. Kg7 Nd6 81. h7 Nf5+ 82. Kf6 Kf8 83. h8R# 1-0